01934cam a22003495a 45000010009000000050017000090080041000260100017000670200025000840400062001090820020001711000039001912450087002302500012003172600036003293000033003655000024003985040031004225050456004536500043009096500040009526510010009926530024010026550021010267000028010479420008010759990017010839520118011009520118012189520130013369520118014661598073920201128023609.0091112t2011 caua frb 001 0 eng d a 2009047929 a9781412974578 (pbk.) aDLCcDLCdBTCTAdYDXCPdC#PdBWXdCDXdDLCdEG-ScBUEbeng04a001.42222bHES1 aHesse-Biber, Sharlene Nagy.93855414aThe practice of qualitative research /cSharlene Nagy Hesse-Biber, Patricia Leavy. a2nd ed. aThousand Oaks :bSAGE,cc.2011. axx, 400 p. :bill. ;c26 cm. aIndex : p. 383-400. aBibliography : p. 365-381.0 aAn invitation to qualitative research -- Approaches to qualitative research -- Designing qualitative approaches to research -- The ethics of social research -- In-depth interview -- Oral history -- Focus group interviews -- Ethnography -- Content analysis and unobtrusive methods -- Case study -- Mixed methods research -- Analysis and interpretation of qualitative data -- The writing and representation of qualitative research -- The research nexus. 7aSocial sciencesxResearch.2BUEsh9775 7aQualitative research.2BUEsh912337 2BUEsh bBUSBOLcOctober2015 vText book9337281 aLeavy, Patricia,d1975- 2ddc c20954d20926 00102ddc40708BaccahaMAINbMAINcLOWd2015-10-22ePurchasel0o001.42 HESp000031102r2025-07-15 00:00:00yNB 00102ddc40708BaccahaMAINbMAINcLOWd2015-10-22ePurchasel0o001.42 HESp000031103r2025-07-15 00:00:00yBB 00102ddc40708BaccahaMAINbMAINcLOWd2015-10-22ePurchasel1o001.42 HESp000031104r2025-07-15 00:00:00s2018-12-17yBB 00102ddc40708BaccahaMAINbMAINcLOWd2015-10-22ePurchasel0o001.42 HESp000031105r2025-07-15 00:00:00yBB